Horae diurnae: breviarii romani, ex decreto sancti concilii tridentini restituti

Guardat en:
Dades bibliogràfiques
Autor principal: Pío V (Autor)
Format: Llibre
Idioma:llatí
Publicat: Roma Mechlinae 1899
Matèries:
Etiquetes: Afegir etiqueta
Sense etiquetes, Sigues el primer a etiquetar aquest registre!

MARC

LEADER 00000cam a2200000 a 4500
001 UCD5395
003 CL-VaPUC
008 160908e18990000it |||||||||||||||||lat|d
082 0 4 |a 242.7  |b PIO  |2 21 
100 0 |a Pío V  |e author  |9 439976 
245 1 0 |a Horae diurnae: breviarii romani, ex decreto sancti concilii tridentini restituti 
300 |a 396 p 
942 |c BK 
945 |d 20160908 17:07:00  |a cmena 
260 |a Roma  |b Mechlinae  |c 1899 
650 7 |a ORACIONES  |2 CL-VaPUC  |9 319212 
650 7 |a ORACIONES CATOLICAS  |2 CL-VaPUC  |9 517576 
583 |a last modification  |c 20160908 17:07:00  |k Rodrigo Vera 
999 |c 366067  |d 366065 
952 |0 0  |1 0  |3 erd  |4 0  |6 242_700000000000000_PIO_1899  |7 0  |8 X  |9 480095  |a FDOBUD  |b FDOBUD  |i 5151899  |o 242.7 PIO 1899  |p 5151899  |r 2019-11-24  |w 2019-11-24  |y BK_X  |z Catalogado en:20160908  |k BUD